<?xml version="1.0" encoding="UTF-8"?>
<marc:record xmlns:marc="http://www.loc.gov/MARC21/slim">
   <marc:leader>00000nam a2200000 a 4500</marc:leader>
   <marc:datafield ind1="1" ind2=" " tag="100">
      <marc:subfield code="a">Goupil, Didier</marc:subfield>
      <marc:subfield code="4">aut</marc:subfield>
      <marc:subfield code="e">Verfasser/-in</marc:subfield>
   </marc:datafield>
   <marc:datafield ind1="1" ind2=" " tag="100">
      <marc:subfield code="a">Schütz, Ines</marc:subfield>
      <marc:subfield code="4">trl</marc:subfield>
      <marc:subfield code="e">Übersetzer/-in</marc:subfield>
   </marc:datafield>
   <marc:datafield ind1="1" ind2=" " tag="100">
      <marc:subfield code="a">Goupil, Didier</marc:subfield>
   </marc:datafield>
   <marc:datafield ind1=" " ind2=" " tag="653">
      <marc:subfield code="a">Geschichte 1939</marc:subfield>
   </marc:datafield>
   <marc:datafield ind1=" " ind2=" " tag="653">
      <marc:subfield code="a">Künstlerin</marc:subfield>
   </marc:datafield>
   <marc:datafield ind1=" " ind2=" " tag="653">
      <marc:subfield code="a">Politische Verfolgung</marc:subfield>
   </marc:datafield>
   <marc:datafield ind1=" " ind2=" " tag="653">
      <marc:subfield code="a">Didier</marc:subfield>
   </marc:datafield>
   <marc:datafield ind1=" " ind2=" " tag="653">
      <marc:subfield code="a">Fiktionale Darstellung</marc:subfield>
   </marc:datafield>
   <marc:datafield ind1=" " ind2=" " tag="653">
      <marc:subfield code="a">Belletristische Darstellung</marc:subfield>
   </marc:datafield>
   <marc:datafield ind1="0" ind2="0" tag="245">
      <marc:subfield code="a">Endstation Ritz</marc:subfield>
   </marc:datafield>
   <marc:datafield ind1="0" ind2="0" tag="245">
      <marc:subfield code="b">Roman</marc:subfield>
   </marc:datafield>
   <marc:datafield ind1="0" ind2="0" tag="245">
      <marc:subfield code="c">Didier Goupil. Aus dem Franz. von Ines Schütz</marc:subfield>
   </marc:datafield>
   <marc:datafield ind1=" " ind2="1" tag="264">
      <marc:subfield code="a">Innsbruck</marc:subfield>
      <marc:subfield code="b">Haymon</marc:subfield>
      <marc:subfield code="c">2008</marc:subfield>
   </marc:datafield>
   <marc:datafield ind1="1" ind2=" " tag="520">
      <marc:subfield code="a">Angaben aus der Verlagsmeldung

Endstation Ritz / von Didier Goupil

Eine berührende Geschichte von Schicksal und Verrat: Eindringlich
und schnörkellos erzählt der französische Autor Didier Goupil
das bewegte Leben von „Madame“, die ihren Lebensabend verschwenderisch
und weltabgewandt im mondänen Pariser Hotel
Ritz zubringt.
Im Paris des Fin de siècle aufgewachsen, lebt sie in den 1930er-
Jahren das sorgenfreie Leben einer großbürgerlichen Kunstliebhaberin.
Vom eigenen Mann, einem Kollaborateur und politischen
Opportunisten, an die Nazis verraten, wird sie ins Konzentrationslager
deportiert. Nach der Befreiung kehrt sie nach Paris zurück,
wo niemand ihre schicksalhafte Geschichte hören will. Ruhelos
und gebrochen flüchtet sie vor ihrer Vergangenheit von Hotel zu
Hotel, lässt die Bruchstücke ihrer Identität hinter sich, um schließlich
namenlos als „Madame“ im Ritz einen Zufluchtsort zu finden.
Die Leerstellen, die ihre schmerzhafte Vergangenheit und die einsame
Flucht hinterlassen haben, versucht sie mit einem Leben in
Luxus zu füllen, doch die traumatische Erinnerung an den Verrat
bleibt stärker.
</marc:subfield>
   </marc:datafield>
   <marc:datafield ind1=" " ind2=" " tag="020">
      <marc:subfield code="a">9783852185507</marc:subfield>
      <marc:subfield code="9">9783852185507</marc:subfield>
   </marc:datafield>
   <marc:datafield ind1=" " ind2=" " tag="041">
      <marc:subfield code="a">ger</marc:subfield>
   </marc:datafield>
   <marc:datafield ind1=" " ind2=" " tag="300">
      <marc:subfield code="a">99 S.</marc:subfield>
   </marc:datafield>
</marc:record>
